01102nam a2200217Ia 4500001031900000002005000319008003700369010001100406530002200417650003900439650004200478650006700520650005800587650002400645650003500669700005300704700004300757700004500800942002000845999001900865IA_The study is a strategic process, shows us from the market research, supply of raw materials, organizational strategy, analysis of size, location, process engineering, financial analysis, risk analysis and environmental impact which give us a broad overview of the characteristics on which the project will operate.ESTUDIO DE FACTIBILIDAD TECNICO-ECONOMICO PARA EL220117s xx 000 0 und d a185532 aDisponible en PDF aCarne de cerdoxComercio 9159598 aCerdoxProductos cárnicos 9159599 0aIndustria del ganado y de la carnezMéxicozPuebla 9159600 0aLivestock and meat industryzMexicozPuebla 9159601 aPorkxTrade9159602 aSwinexMeat products 9159603 aEspejel Zaragoza, José Afredo, asesor 91637321 aMartínez Mosqueda, Francisco9148600 aPonce Hernández, Pedro, asesor9163704 cTESIS M674 2014 c185532d185532